01029nam a2200217 i 450000100060000000300090000600500170001500700030003200800410003508000150007610000240009124501630011526000520027830000300033049001780036065000220053865000340056070000180059483001780061285200210079051174ES-MaACL20250808090127.0t|140423s1894 it ||||1| ita d a342.4(100)1 aBrunialti, Attilio.10aFormazione e revisione delle Costituzioni moderne / cA. Brunialti. Le costituzioni dei popoli liberi / L. Palma. Testi delle principali costituzioni moderni. aTorino : bUnione Tipografico-Editrice, c1894. aCLXVI, 1034 p. ; c24 cm.1 aBiblioteca di scienze politiche e amministrative : scelta collezione... Seconda serie : Opere di Diritto Amministrativo e Costituzionale / diretta da Attilio Brunialti ; v2 7aPolítica2embne07aDerecho constitucional2embne1 aPalma, Luigi.0 aBiblioteca di scienze politiche e amministrative : scelta collezione... Seconda serie : Opere di Diritto Amministrativo e Costituzionale / diretta da Attilio Brunialti ; v2 aES-MaACLjB-9324